<?xml version="1.0" encoding="UTF-8"?>
<collection xmlns="http://www.loc.gov/MARC21/slim">
 <record>
  <leader>00601nam a22001815a 4500</leader>
  <controlfield tag="001">EHU.bham043550</controlfield>
  <controlfield tag="003">AR-BHAM</controlfield>
  <controlfield tag="005">20151019142019.0</controlfield>
  <controlfield tag="008">130507s1969##################000#0#####d</controlfield>
  <datafield tag="082" ind1="4" ind2="7">
   <subfield code="a">475</subfield>
  </datafield>
  <datafield tag="100" ind1="1" ind2=" ">
   <subfield code="a">Chausserie-laprée, Jean-pierre</subfield>
  </datafield>
  <datafield tag="245" ind1="1" ind2="0">
   <subfield code="a">L'expresión narrative chez les historiens latins :</subfield>
   <subfield code="b">histoire d'un style  /</subfield>
   <subfield code="c"> Jean-pierre Chausserie-laprée</subfield>
  </datafield>
  <datafield tag="260" ind1=" " ind2=" ">
   <subfield code="a">Paris :</subfield>
   <subfield code="b">E. de Boccard,</subfield>
   <subfield code="c">1969</subfield>
  </datafield>
  <datafield tag="300" ind1=" " ind2=" ">
   <subfield code="a">749 p.</subfield>
  </datafield>
  <datafield tag="500" ind1=" " ind2=" ">
   <subfield code="a">Ejemplar fotocopiado</subfield>
  </datafield>
  <datafield tag="653" ind1=" " ind2=" ">
   <subfield code="a">Latín-estilo narrativo</subfield>
  </datafield>
  <datafield tag="653" ind1=" " ind2=" ">
   <subfield code="a">Lengua latina</subfield>
  </datafield>
  <datafield tag="859" ind1=" " ind2=" ">
   <subfield code="a">AR-BHAM</subfield>
   <subfield code="b">BIB. HUMANIDADES - General</subfield>
   <subfield code="h">475</subfield>
   <subfield code="i">C349</subfield>
   <subfield code="p">279.15</subfield>
   <subfield code="t">Ej.1</subfield>
  </datafield>
 </record>
</collection>
